University Home | Library Home | Institutional Repository

Physical chemistry of surfaces (Record no. 112824)

MARC details
000 -LEADER
fixed length control field 00746cam0a220024100 4500
001 - CONTROL NUMBER
control field lce00602672
008 - FIXED-LENGTH DATA ELEMENTS--GENERAL INFORMATION
fixed length control field 710924s1967 nyua b 000 0 eng
010 ## - LIBRARY OF CONGRESS CONTROL NUMBER
LC control number 67013941
035 ## - SYSTEM CONTROL NUMBER
System control number (Sirsi) r87064
035 ## - SYSTEM CONTROL NUMBER
System control number (DLC) 67013941
035 ## - SYSTEM CONTROL NUMBER
System control number (UPRA)lce00602672
050 0# - LIBRARY OF CONGRESS CALL NUMBER
Classification number QD506
Item number .A3 1967
082 ## - DEWEY DECIMAL CLASSIFICATION NUMBER
Classification number 541/.3453
100 1# - MAIN ENTRY--PERSONAL NAME
Personal name Adamson, Arthur W.
Linkage A46507.1
245 10 - TITLE STATEMENT
Title Physical chemistry of surfaces
Statement of responsibility, etc. [by] Arthur W. Adamson.
250 ## - EDITION STATEMENT
Edition statement 2d ed.
260 ## - PUBLICATION, DISTRIBUTION, ETC.
Place of publication, distribution, etc. New York,
Name of publisher, distributor, etc. Interscience Publishers
Date of publication, distribution, etc. [1967]
504 ## - BIBLIOGRAPHY, ETC. NOTE
Bibliography, etc. note Includes bibliographies.
650 #0 - SUBJECT ADDED ENTRY--TOPICAL TERM
Topical term or geographic name entry element Surface chemistry.
Linkage S7006.1
650 #0 - SUBJECT ADDED ENTRY--TOPICAL TERM
Topical term or geographic name entry element Chemistry, Physical and theoretical.
Linkage S517.1
949 ## - LOCAL PROCESSING INFORMATION (OCLC)
a QD506
w lcc
i 33729000386867
m MAIN
t BOOK
l ON-SHELF

No items available.

© 2026 - The University of Zambia Library - Koha v25.11